Les clubs ayant joués plus de 2000 matchs en Ligue 1 - Statistiques

Statistiques générales
  • Ce quiz a été pris 395 fois
  • Le résultat moyen est 11 sur 13
Statistiques - réponses
Classement Club Matchs joués % Correct
1 Olympique de Marseille 2578
100%
7 Olympique lyonnais 2328
97%
3 AS Saint-Étienne 2532
95%
9 LOSC Lille 2290
95%
2 Girondins de Bordeaux 2544
94%
5 Stade rennais 2336
93%
13 FC Nantes 2006
89%
8 OGC Nice 2304
89%
12 RC Lens 2196
88%
6 AS Monaco 2332
86%
11 RC Strasbourg 2196
81%
10 FC Metz 2260
66%
4 FC Sochaux-Montbéliard 2368
62%
Aucun quiz correspondant
Distribution des résultats
% des personnes avec chaque résultat
Percentile par nombre de réponses
Votre historique - résultats
Vous n’avez pas pris ce quiz